Adolescencia y juventud: aportes para una discusión /
Uloženo v:
| Hlavní autor: | |
|---|---|
| Korporativní autor: | |
| Další autoři: | |
| Médium: | Neznámo |
| Vydáno: |
San José:
OPS
|
| Témata: | |
| Tagy: |
Přidat tag
Žádné tagy, Buďte první, kdo vytvoří štítek k tomuto záznamu!
|
MARC
| LEADER | 00000 a2200000 04500 | ||
|---|---|---|---|
| 001 | 11451 | ||
| 003 | |||
| 008 | 991231s d | ||
| 040 | |||
| 090 | |a 139510 | ||
| 100 | |a Rojas Breedy, Ana Lorena | ||
| 110 | |a OPS. Representación de Costa Rica | ||
| 245 | |a Adolescencia y juventud: aportes para una discusión / |c Ana Lorena Rojas Breedy | ||
| 260 | |a San José: |b OPS | ||
| 300 | |a 227 p. | ||
| 650 | |a JUVENTUD | ||
| 650 | |a DELINCUENCIA | ||
| 650 | |a CORRUPCION | ||
| 650 | |a SOCIEDAD | ||
| 650 | |a NORMAS SOCIALES | ||
| 650 | |a VALORES SOCIALES | ||
| 650 | |a PROBLEMAS SOCIALES | ||
| 700 | |a | ||
| 700 | |a Donas Burak, Solum | ||
| 700 | |a | ||
| 999 | |c 12785 |d 12785 | ||
